| 000 | 01318nam a22003257a 4500 | ||
|---|---|---|---|
| 999 |
_c766 _d766 |
||
| 001 | 003465 | ||
| 003 | CoMeUDC003465 | ||
| 005 | 20190115195647.0 | ||
| 008 | 180221s2017 ck rl 001 0 spa d | ||
| 015 | _ack-2013-2014 | ||
| 020 | _a9789583509438 (V.1) | ||
| 020 | _a9789583510045 (V.2) | ||
| 035 | _a(OCoLC)964830654 | ||
| 040 |
_aCO-BoUCM _bspa _cCoMeUDC _dSandra Palacio |
||
| 041 | 0 | _aspa | |
| 082 | 0 | 4 |
_a347 _220 _bA473e |
| 100 | 1 |
_aÁlvarez Gómez, Marco Antonio _991558 |
|
| 245 | 1 | 0 |
_aEnsayos sobre el código general del proceso / _cMarco Antonio Alvarez Gómez |
| 260 |
_aBogotá (Colombia) : _bPontificia Universidad Javeriana, Facultad de Ciencias Jurídicas, _bTemis, _c2017. |
||
| 300 | _a3 volúmenes | ||
| 490 | 0 |
_aColección Debates. Serie reflexiones normativas _v3 |
|
| 500 | _aColección debates, serie reflexiones normativas: Pontificia Universidad Javeriana) Vol.1 y 2 | ||
| 505 |
_gV.3 _tMedios probatorios. Segunda parte |
||
| 650 | 1 | 7 |
_aProcedimiento civil _zColombia _934124 |
| 650 | 2 | 7 |
_aDerecho procesal _zColombia _935563 |
| 650 | 2 | 7 |
_aJurisprudencia procesal _zColombia _935564 |
| 650 | 2 | 7 |
_aJurisprudencia civil _zColombia _934619 |
| 710 | 1 |
_aPontificia Universidad Javeriana _bFacultad de Ciencias Jurídicas _94566 |
|
| 942 |
_2ddc _cBK _a8 _e1 _h347.05 _mA473es |
||